Sports Quiz

Random Sports or Basketball Quiz
Score 0/30 Timer 03:00
0 Plays Today
Team Player % Correct
Los Angeles LakersKobe Bryant
98.6%
San Antonio SpursTim Duncan
98.2%
Dallas MavericksDirk Nowitzki
96%
Miami HeatDwyane Wade
95.8%
Boston CelticsRajon Rondo
73.2%
Minnesota TimberwolvesKevin Love
69.9%
Portland Trail BlazersLaMarcus Aldridge
67.3%
Chicago BullsLuol Deng
66.1%
Orlando MagicJameer Nelson
65.2%
Indiana PacersDanny Granger
63.7%
Atlanta HawksAl Horford
63.6%
Brooklyn NetsBrook Lopez
63%
Golden State WarriorsStephen Curry
62.3%
Oklahoma City ThunderNick Collison
62.1%
Memphis GrizzliesMike Conley
59%
Team Player % Correct
Washington WizardsJohn Wall
53.5%
Cleveland CavaliersAnderson Varejao
49.8%
Los Angeles ClippersDeAndre Jordan
48.5%
Toronto RaptorsDeMar DeRozan
46.2%
Philadelphia 76ersThaddeus Young
38.7%
Denver NuggetsTy Lawson
38.7%
Detroit PistonsRodney Stuckey
38.3%
New York KnicksAmar'e Stoudemire
35.2%
Houston RocketsChandler Parsons
34.9%
New Orleans PelicansJason Smith
29.9%
Utah JazzGordon Hayward
27.7%
Charlotte BobcatsGerald Henderson
25.7%
Milwaukee BucksErsan Ilyasova
19.2%
Sacramento KingsJason Thompson
19%
Phoenix SunsChanning Frye
12.5%
Remove Ads.
Support Sporcle.
Get the best of Sporcle when you Go Orange. This ad-free experience offers more features, more stats, and more fun while also helping to support Sporcle. Thank you for becoming a member.

You're not logged in!

Compare scores with friends on all Sporcle quizzes.
OR
Log In

Show Comments

Extras

Top Quizzes Today


Score Distribution

Your Account Isn't Verified!

In order to create a playlist on Sporcle, you need to verify the email address you used during registration. Go to your Sporcle Settings to finish the process.

Report this User

Report this user for behavior that violates our Community Guidelines.

Details: